German Translation - Statistics

General Stats
  • This quiz has been taken 1,244 times
  • The average score is 13 of 16
Answer Stats
Word Answer % Correct
Ich I
100%
Eine/Einen/Ein A
98%
Hallo Hello
98%
No Nein
98%
Good Gut
96%
Yes Ja
96%
Bin Am
95%
Das/Die/Den The
94%
Meine My
93%
Night Nacht
93%
You Du
91%
Tschus See Ya
86%
Was What
86%
Black Schwarz
78%
Scotland Schottland
40%
Fart Poopen
5%
No matching quizzes found
Score Distribution
Percent of People with Each Score
Percentile by Number Answered
Your Score History
You have not taken this quiz